| 000 | 00864nam a2200277 a 4500 | ||
|---|---|---|---|
| 001 | BD-DhNSU-28329 | ||
| 003 | BD-DhNSU | ||
| 005 | 20260421125539.0 | ||
| 008 | 260420s2016 bg ||||g |||| 000 0|eng|d | ||
| 040 |
_aDLC _cBD-DhNSU _dBD-DhNSU |
||
| 041 | _aeng | ||
| 050 | 0 | 0 |
_aKNG19 _b.A2B36 2016 |
| 245 | 0 | 4 |
_aThe Bangladesh law chronicles : _b(a monthly law journal), _nVol. 21 / _cedited by Nahid Mahtab. |
| 246 | 0 |
_aB.L.C. _bVolume XXI |
|
| 260 |
_aDhaka : _bBangladesh Law Chronicles, _c2016. |
||
| 300 |
_avp. ; _c25 cm. |
||
| 500 | _aRegd DA- 1722 | ||
| 500 | _aCit. 21 BLC (AD); 21 BLC etc. | ||
| 526 | 0 | _aLaw | |
| 590 | _aNuri Mahajabi | ||
| 590 | _aSumaiya Kainat Bintey Kohinoor | ||
| 650 | 0 |
_aLaw reports, digests, etc. _zBangladesh. |
|
| 650 | 0 |
_aLaw reports, digests, etc. _zIndia _zBengal. |
|
| 700 | 1 |
_aMahtab, Nahid _eeditor |
|
| 942 |
_2lcc _cBK |
||
| 999 |
_c28329 _d28329 |
||